| 000 | 00656nam a22001937a 4500 | ||
|---|---|---|---|
| 003 | OSt | ||
| 005 | 20260304025644.0 | ||
| 008 | 260304b |||||||| |||| 00| 0 eng d | ||
| 020 | _a971-0419-02-1 | ||
| 040 |
_aDWCL - Main lib. _cOC |
||
| 082 | _aFil. 899.211 C196 2005 | ||
| 100 | _aCampita,Vienes O. | ||
| 245 |
_aDr. Jose Rizal : _bNoli Me Tangere / _cVienes O. Campita |
||
| 260 |
_aCalamba City : _bLightquest Publications, _cc2005. |
||
| 300 |
_aviii , 391 p. : _bill. ; _c26 cm. |
||
| 650 | _a1.Noli Me Tangere - Study and teaching (Secondary) - Philippines. | ||
| 650 | _a2.Philippine literature - Noli Me Tangere. | ||
| 942 |
_2ddc _cBK-FIL _mFil. _n0 |
||
| 999 |
_c8601 _d8601 |
||